00783nam a22002297a 45000010005000000030008000050050017000130080041000300200015000710350018000860400026001040410008001300820016001382450195001542500017003492600052003663000034004185040019004526500031004717000023005027000028005255180BD-RjUL20211208234025.0131224s1995 ii ||| |||| 001 0 eng d a8171007805 a(BD-RjUL)5216 aBD-RjULbengcBD-RjUL aeng04a331.11bHUM00aHuman Resourse Development : bConcept and Issues, Manpower Planning, Education and Training, Liberalisation and Globalisation, Miscellaneous Aspects /cEdited by P. P. Arya , B. B. Tandon a2nd rev. ed. aNew Delhi :bDeep and Deep publications ,c1995 axiii,444 p. :bIll. ;c21 cm. aIncludes Index07aHuman Resourse Development aArya, P. P. , ed. aTandon, B. B. , jt. ed.